Które miasto jest większe? - Polska - Statystyki

Ogólne statystyki
  • Ten quiz został rozwiązany 2 353 razy
  • Średni wynik to 9 z 15
Statystyki odpowiedzi
Zagadnienie Odpowiedź % Poprawnych
Pytanie 5 Rzeszów
95%
Pytanie 1 Wrocław
89%
Pytanie 14 Radom
87%
Pytanie 10 Zielona Góra
84%
Pytanie 2 Szczecin
71%
Pytanie 4 Płock
70%
Pytanie 6 Gdynia
69%
Pytanie 12 Koszalin
66%
Pytanie 7 Elbląg
65%
Pytanie 3 Bydgoszcz
56%
Pytanie 9 Łódź
54%
Pytanie 15 Poznań + Kraków
39%
Pytanie 13 Chełm
37%
Pytanie 11 Zakopane
30%
Pytanie 8 Hel
22%
Nie znaleziono quizów pasujących do podanych kryteriów
Rozkład punktacji
Procent ludzi z każdym wynikiem
Percentyl według liczby udzielonych odpowiedzi
Twoja historia wyników
Nie rozwiązałeś tego quizu